[Event "Candidates Tournament"]
[Site "Berlin"]
[Date "2018.03.18"]
[Round "7"]
[White "Karjakin, Sergey"]
[Black "So, Wesley"]
[Result "1-0"]
[WhiteElo "2763"]
[BlackElo "2799"]
[Annotator "Yermolinsky,A"]
[PlyCount "80"]
[EventDate "2018.03.10"]
[EventType "tourn"]
[EventRounds "14"]
[EventCountry "GER"]
[EventCategory "22"]
[SourceTitle "CBM 184"]
[Source "ChessBase"]
[SourceDate "2018.05.16"]
[SourceVersion "1"]
[SourceVersionDate "2018.05.16"]
[SourceQuality "1"]

1. d4 Nf6 2. c4 e6 3. Nc3 Bb4 4. e3 O-O 5. Nf3 d5 6. Bd2 c5 $6 {With this move
Black accepts a slightly worse position.} ({Most prefer} 6... b6) 7. a3 cxd4 8.
axb4 dxc3 9. Bxc3 dxc4 10. Bxc4 Qxd1+ 11. Kxd1 Bd7 12. Ke2 Rc8 13. Bd3 Nd5 14.
Ne5 Be8 15. Bd2 f6 16. Nc4 Rd8 17. Rhc1 Nc6 18. Be4 Ndxb4 19. Bxb4 Nxb4 20.
Bxb7 Rab8 21. Rxa7 Rd7 22. Na5 Nd3 23. Rd1 Nxb2 24. Rxd7 Bxd7 25. Bc6 Bxc6 26.
Nxc6 {It may seem that having regained his pawn Black is out of danger, but
the remote position of his knight and a 7th rank weakness still pose problems.}
Re8 ({Staying active with} 26... Rb6 27. Nd4 Nc4 28. f4 h5 {appears to be a
better choice.}) 27. e4 Nc4 28. Kd3 Nd6 29. f4 Kf8 $6 (29... h5 $5) 30. e5 fxe5
31. fxe5 Nf5 32. g4 Nh4 ({This position is already quite dangerous for Black,
and it can only be held by precise play:} 32... Rc8 $1 {was a good start.}) 33.
Kc4 $1 Nf3 34. Ra2 Rc8 35. Kb5 Ke8 $2 {The decisive error.} (35... Rc7 36. Kb6
Rd7 37. Rf2 Rd3 {This is what Wesley missed.} (37... Rf7 38. Nd8 {is, indeed,
lost for Black.})) 36. Kb6 g5 37. h3 {Quite a situation: Black cannot save his
rook without stepping back with the king to the f-file, which will cost him
the knight.} Nxe5 38. Nxe5 Rc3 39. Rh2 Ke7 40. Kb5 Re3 1-0

[Event "Candidates Tournament"]
[Site "Berlin"]
[Date "2018.03.11"]
[Round "2"]
[White "Kramnik, Vladimir"]
[Black "Karjakin, Sergey"]
[Result "1/2-1/2"]
[WhiteElo "2800"]
[BlackElo "2763"]
[Annotator "Postny,E"]
[PlyCount "109"]
[EventDate "2018.03.10"]
[EventType "tourn"]
[EventRounds "14"]
[EventCountry "GER"]
[EventCategory "22"]
[SourceTitle "CBM 184"]
[Source "ChessBase"]
[SourceDate "2018.05.16"]
[SourceVersion "1"]
[SourceVersionDate "2018.05.16"]
[SourceQuality "1"]

1. e4 e5 2. Nf3 Nc6 3. Bb5 Nf6 4. O-O Nxe4 5. d4 {Going for the principled
line.} ({The line} 5. Re1 Nd6 6. Nxe5 Be7 7. Bf1 {is also a frequent guest in
top level events. The structure is symmetrical and most of the games end in a
draw here.}) 5... Nd6 6. Bxc6 dxc6 7. dxe5 Nf5 8. Qxd8+ Kxd8 9. h3 Ke8 10. Nc3
h5 {There are a lot subtleties in this endgame. Currently, this method is
Black's main path to equality. The move weakens the g5-square, but fights
against the advance of White's pawn majority on the kingside.} 11. Bf4 Be7 12.
Rad1 Be6 (12... Nh4 13. Nxh4 Bxh4 14. Ne2 Bd7 15. Rfe1 Rd8 16. Nd4 Bc8 17. c3
Rd5 18. e6 Bf6 19. exf7+ Kxf7 20. Bxc7 $14 {1-0 (64) Adams,M (2740)-Andreikin,
D (2727) Dortmund 2013}) 13. Ng5 Rh6 {Both players already had experience in
this position.} 14. Rfe1 (14. g3 Bc4 (14... Bxg5 15. Bxg5 Rg6 16. h4 (16. Bf4
Nh4 17. Kh2 Nf3+ 18. Kg2 Nh4+ {is a draw that appeared in numerous games.})
16... f6 17. exf6 gxf6 18. Bf4 Nxh4 19. f3 Rd8 20. Kf2 Rxd1 21. Nxd1 Nf5 22.
Rh1 Bxa2 23. Rxh5 Be6 24. g4 Nd6 25. Rh7 Nf7 26. Ne3 {Anand has played this
position with both colours!} Kd8 (26... b6 27. Ng2 Rg8 28. Bxc7 Rh8 29. Rxh8+
Nxh8 30. Ne3 Nf7 31. Bg3 Nh6 32. Bf4 Nf7 33. Bg3 Nh6 {1/2-1/2 (33) Anand,V 
(2803)-Giri,A (2778) London 2015}) 27. Nf5 c5 28. Ng3 Ne5 29. Rh8+ Rg8 30. Bxe5
fxe5 31. Rh5 Bxg4 32. fxg4 Rxg4 33. Rxe5 b6 $16 {1/2-1/2 (122) Carlsen,M (2863)
-Anand,V (2792) Sochi 2014}) 15. Rfe1 Rg6 16. Nce4 Rd8 17. Rxd8+ Bxd8 18. b3
Bd5 19. c4 Bxg5 20. Nxg5 Be6 21. Kg2 c5 22. Nxe6 Rxe6 $11 {1/2-1/2 (54) Adams,
M (2745)-Kramnik,V (2769) London 2014}) ({In the event of} 14. Nxe6 Rxe6 {
the kingside rook get into play quite effectively. Black experienced no
problems in several games.}) 14... Bb4 15. a3 {Vladimir doesn't mind ruining
his structure on the queenside.} (15. g4 hxg4 16. hxg4 Ne7 17. Nxe6 Rxe6 18.
Kg2 Bxc3 19. bxc3 Rd8 $11 {1/2-1/2 (45) Vachier Lagrave,M (2791)-Karjakin,S 
(2773) Saint Louis 2017}) (15. Bd2 Rd8 16. Nce4 Bxd2 17. Rxd2 Rxd2 18. Nxd2 Bc8
19. f4 c5 20. Kf2 Ke7 $11 {1/2-1/2 (26) Dunlop,G (2578)-Stalmach,K (2557) GER
email 2016}) 15... Bxc3 16. bxc3 Ne7 17. Nf3 Rh8 18. Bg5 $146 {Kramnik made
this move instantly, clearly still in his preparation.} (18. Nd4 a6 19. Bg5 c5
20. Nxe6 fxe6 21. c4 Rd8 22. Rxd8+ Kxd8 $11 {0-1 (50) Yu,Y (2724)-Malakhov,V 
(2706) China 2015}) 18... c5 {After long meditation Karjakin reacts in a most
logical way - covering the d4-square.} (18... Nd5 {was a decent alternative.
The black knight can jump all over the queenside.} 19. c4 Nb6 20. c5 Na4 21.
Be3 Nc3 22. Rd4 Rd8 23. Bd2 Rxd4 24. Nxd4 Nb5 {and Black should equalise.}) 19.
Nd2 Kf8 {In general Black has two major problems in the Berlin endgame: 1) He
can't castle; 2) He has to deal with White's pawn majority on the kingside.}
20. Nf1 Nf5 21. g3 Ne7 22. Kg2 {Kramnik spent a lot of time on this move.} (22.
Ne3 Bxh3 23. Bxe7+ Kxe7 24. Nd5+ Kf8 25. Nxc7 Rc8 26. e6 {doesn't yield White
more than equality.} fxe6 (26... Bxe6 $2 27. Nxe6+ fxe6 28. Rd7 $16) 27. Nxe6+
Bxe6 28. Rxe6 Kf7 $11) 22... Nd5 23. c4 $1 (23. Bd2 $2 {is too passive and
would clearly indicate a failure of White's plan.}) 23... Nb6 24. Ne3 Nxc4 25.
Nxc4 (25. Nd5 c6 (25... Nb2 26. Nxc7 Nxd1 27. Nxa8 Nc3 28. Nc7 $14) 26. Nc7 Rb8
27. Nxe6+ fxe6 28. Rd7 Kg8 29. Re4 Nxa3 30. Be7 b6 31. Rxa7 Nxc2 32. Bd6 Kh7 $1
33. Bxb8 Rxb8 $13) 25... Bxc4 {Black has even won a pawn, but still he is the
one fighting for equality. His forces are not well coordinated and his extra
pawn on the queenside is not so significant.} 26. g4 ({Doubling the rooks
along the d-file is not so effective:} 26. Rd7 Rc8 27. Red1 Kg8 $11) 26... hxg4
27. hxg4 Bb5 28. Kg3 Re8 $6 (28... Ba4 $1 29. Rd2 (29. f4 Bxc2 30. Rd7 Rc8 31.
f5 Kg8 32. e6 fxe6 33. fxe6 Ba4 34. Rd5 Bc6 35. Rxc5 Rh1 $1 $11 {An exchange
of one pair of rooks will reduce White's attacking potential.}) 29... Kg8 30.
f4 Re8 {[%cal Gf7f6]} 31. f5 f6 32. Bf4 g6 $1 33. e6 gxf5 34. gxf5 Rh7 {
and Black should hold this one.}) 29. f4 $6 (29. Bd8 $1 {was a nice way to
level the number of pawns.} Ba4 30. Bxc7 Kg8 31. Rd2 {and then White can
continue his plan of pushing forward his kingside pawns. This means that Black
will suffer for nothing.}) 29... b6 $6 (29... Ba4 $1 {Surprisingly, the Pc2
can't be defended in a satisfactory way.} 30. f5 (30. Re2 $2 f6 {is a problem
for White.}) 30... Kg8 (30... Bxc2 $2 31. Rd7 $16) 31. e6 (31. Rd2 {transposes
to the line mentioned after 28...Ba4.}) 31... fxe6 32. fxe6 Bxc2 33. Rd7 Ba4
34. Rxc7 Bc6 {Black is passive, but White can't improve his position. The
bishop on c6 is very stable, also emphasizing the downside of the move 29...b6.
}) 30. f5 $6 (30. Bd8 $1 {was again a good chance for Vladimir.} Ba4 31. Bxc7
Rh6 (31... Bxc2 32. Rd7 Kg8 33. Bd6 {is also clearly better for White. His
rook has got to seventh rank, which is a serious achievement.}) 32. Rd2 Bxc2 $5
(32... Kg8 33. f5 Bc6 34. g5 Rh1 35. Rxh1 Bxh1 36. Kf4 $16) 33. g5 (33. Rxc2 $2
Rc6 {trapping the bishop.} 34. Bd6+ $2 Rxd6 $17 {[%cal Ge8e1]}) 33... Rc6 34.
Bd6+ Kg8 35. Kg4 $16) 30... Ba4 31. Rc1 (31. e6 f6 32. Bf4 Rc8 33. g5 Bxc2 34.
Rd7 Bxf5 35. Bxc7 Re8 36. gxf6 gxf6 37. Rf7+ Kg8 38. Rxf6 Rxe6 $1 39. Rexe6
Rh3+ 40. Kf4 Bxe6 41. Rxe6 Kf7 {and on the next move Black will capture
White's last pawn.}) (31. Rd2 f6 32. Bf4 fxe5 33. Rxe5 Kf7 $11) 31... Kg8 32.
c4 Bc6 33. Rcd1 Ba4 34. Rc1 Bc6 35. Bh4 Ba4 36. Rc3 Bc6 37. Rce3 Rh6 {White is
sort of dominating, but can't break through.} 38. Bg5 ({After} 38. g5 Rh5 {
the white bishop looks ridiculous.}) 38... Rh7 39. R3e2 Ba4 40. Re3 Rh8 41. Bh4
Rh6 42. e6 {There is no other sensible idea, but it leads to simplifications.}
fxe6 43. g5 Rh8 44. Rxe6 Rf8 45. R6e5 Bc2 46. f6 (46. Kg4 $2 Bxf5+ $1 47. Rxf5
Rxh4+ 48. Kxh4 Rxf5 $17) 46... gxf6 47. gxf6 Rh7 48. Rg5+ Kh8 49. Re7 Rg8 50.
Rxh7+ Kxh7 51. Rxg8 Kxg8 {Now it's a drawish opposite coloured bishops ending.}
52. Kf2 Bb3 53. Bg3 Bxc4 54. Bxc7 Bd5 55. Bb8 {[%mdl 4096]} 1/2-1/2

[Event "Candidates Tournament"]
[Site "Berlin"]
[Date "2018.03.24"]
[Round "12"]
[White "Kramnik, Vladimir"]
[Black "So, Wesley"]
[Result "1/2-1/2"]
[WhiteElo "2800"]
[BlackElo "2799"]
[Annotator "Sumets,A"]
[PlyCount "84"]
[EventDate "2018.03.10"]
[EventType "tourn"]
[EventRounds "14"]
[EventCountry "GER"]
[EventCategory "22"]
[SourceTitle "CBM 184"]
[Source "ChessBase"]
[SourceDate "2018.05.16"]
[SourceVersion "1"]
[SourceVersionDate "2018.05.16"]
[SourceQuality "1"]

1. c4 e6 2. Nc3 d5 3. d4 Be7 4. cxd5 exd5 5. Bf4 c6 6. e3 Bf5 7. g4 ({White
can get only a worse position after} 7. Qb3 $6 Qb6 $1 {Black wants to take on
b3 and then he can win the b3-pawn by playing ...Bc2.}) 7... Be6 8. Qb3 $1 $146
{A very strong novelty. In comparison with 7.Qb3?! Qb6 Black's light-squared
bishop isn't well-placed and White intends to continue f3, h4, Bd3, Nge2
gaining space on the kingside.} ({The main line is} 8. h4 Nd7 ({Wesley So
prefers to take on h4:} 8... Bxh4 $5 9. Qb3 g5 10. Be5 f6 11. Bh2 Bxg4 12. Qxb7
Qe7 13. Qxa8 Qxe3+ {and according to my computer, it's a draw:} 14. Be2 Bxf2+
15. Kf1 Bh4 16. Qxb8+ Kf7 17. Nd1 Bxe2+ 18. Nxe2 Qf3+ 19. Kg1 Qxe2 20. Bg3 Qg4
21. Kg2 Qe4+ 22. Kg1 Qg4 23. Kg2 Qe4+ 24. Kg1 Qg4 {1/2 (24) Ding,L (2732)-So,W
(2762) Wijk aan Zee 2015}) 9. g5 h6 10. g6 (10. Qf3 hxg5 11. hxg5 Rxh1 12. Qxh1
Bxg5 13. Qh8 Kf8 14. Bd6+ Be7 15. Bf4 Ndf6 16. Bd3 Qc8 17. f3 Bf5 18. e4 Bg6
$15 {Zacurdajev,M (2408)-Klimov,S (2483) St Petersburg 2008 0-1 (40)}) 10...
Ngf6 11. gxf7+ Bxf7 12. Bd3 O-O 13. Qf3 Qb6 14. O-O-O c5 15. Nge2 Rac8 16. Rhg1
Kh8 17. Bc2 cxd4 18. Rxd4 Bc5 (18... Rg8 $5 19. Qg3 Bb4 20. Bc7 Rxc7 21. Rxb4
Qxb4 22. Qxc7 Qxh4 23. Ng3 $44) 19. Na4 Qa5 20. Nxc5 Rxc5 21. Bd6 Qxa2 22. Bxc5
Nxc5 $44 {Nepomniachtchi,I (2721)-Aronian,L (2803) Beijing 2013 1-0 (75)}) ({
White can also try} 8. h3 Nd7 9. Nf3 Nf8 $6 (9... g5 10. Bh2 (10. Bg3 h5 11.
gxh5 Rxh5 12. Ne5 Ngf6 13. Qf3 $6 Rh6 14. Bd3 Qa5 15. Bf5 Ne4 16. Bxe6 Nxe5 17.
Bxe5 fxe6 18. Rc1 Kd7 $17 {Bern,I (2375)-Agdestein,S (2590) 0-1 (32) Norway
1991}) 10... h5 11. gxh5 Rxh5 12. Rg1 Rh8 13. Qb3 Nb6 14. a4 a5 15. O-O-O Bxh3
16. Be5 Rh5 17. Bd3 $44 (17. Rh1 $5 Bg4 18. Be2 Bb4 19. Rdg1 $44) 17... Bb4 $2
18. Bf4 $1 g4 19. Ne5 $16 {Grigore,G (2485)-Kayumov,S (2434) Paks 2003 1-0 (94)
}) 10. Qb3 Qb6 11. Qc2 $1 Ng6 12. Bh2 Rd8 13. O-O-O Bd6 14. Bxd6 Rxd6 15. Ng5
$16 {Zubov,A (2612)-Sturua,Z (2548) Gjakova 2016 1-0 (56)}) 8... Qb6 ({The
computer recommends} 8... b5 $5 {You can find the same idea after 1.d4 d5 2.c4
c6 3.Nc3 Nf6 4.Nf3 e6 5.cxd5 exd5 6.Bg5 Bf5 7.Qb3 b5.} 9. h3 {It seems to be a
forced move.} Nd7 (9... h5 {is a bit premature due to} 10. g5 $1 Bxg5 11. Bxg5
Qxg5 12. a4 $14) 10. Nf3 (10. Bd3 h5 $5 11. gxh5 Rxh5 12. Qc2 (12. Rc1 $6 Nc5
13. dxc5 d4 14. Qc2 dxc3 15. bxc3 Qd5 $15) 12... Kf8 13. Rc1 a6 $13) 10... g5 {
If Black wants to play ...h5 then he should start with ...g5 first.} (10... h5
$2 11. g5 $16) 11. Bg3 h5 12. gxh5 Rxh5 13. O-O-O Rc8 14. Be2 Rxh3 15. Rxh3
Bxh3 16. Qc2 $44) 9. f3 g5 {Black should play ...g5 and ...h5. For example:} (
9... Nd7 10. h4 Qxb3 11. axb3 f5 12. g5 {according to Vladimir Kramnik Black's
position is unpleasant.} h6 13. Nh3 hxg5 14. hxg5 Nf8 15. Kf2 Ng6 16. Bd3 Kf7
17. Ne2 $14) 10. Be5 $1 (10. Bg3 $6 {I think that 10.Be5 f6 11.Bg3 is stronger
than 10.Bg3.} h5 $1 11. gxh5 Qxb3 12. axb3 Nd7 13. Bd3 Ngf6 $15 14. h4 gxh4 15.
Rxh4 Nxh5 16. Rh2 f5 (16... O-O-O $1 17. Bf2 Nf4 18. exf4 Rxh2 19. f5 Rg8 20.
fxe6 fxe6 21. Kf1 Rgg2 22. Nd1 a6 $17) 17. Nge2 Kf7 18. Bf2 a6 19. Kd2 Bd6 20.
Rg2 Rag8 $11 {Usmanov,V (2464)-Duzhakov,I (2421) St Petersburg RUS 20181/2 (89)
}) 10... f6 11. Bg3 Qxb3 {Sooner or later Black should take on b3.} 12. axb3 h5
13. gxh5 Rxh5 (13... Nh6 $5 {(Wesley So)} 14. e4 Nf7 15. Bd3 Rxh5 16. exd5 cxd5
17. Nge2 Nc6 18. f4 $13) 14. Bd3 Kf7 $6 {This leads to a bad position.} ({
According to Kramnik Black should have played} 14... f5 15. Nge2 Nd7 16. h4 {
for example} Nf8 17. Rh2 gxh4 18. Nf4 Rh6 19. Bf2 Kf7 20. Ke2 Ng6 (20... Bd7
21. Na4 Re8 22. Nc5 Bc8 23. Rxa7 Bd6 24. Kd1 Bb8 25. Ra8 Bxf4 26. exf4 Ng6 27.
Bf1 N8e7 28. b4 Reh8 29. Kd2 $14) 21. Nxg6 Kxg6 22. Na4 Nf6 (22... Re8 23. Nc5
Bc8 24. Rxa7 Bxc5 25. dxc5 d4 26. Kd2 $14) 23. Rxh4 Rxh4 24. Bxh4 Rh8 25. Bg3
$14 {Black still has to play precisely to get an equal position.}) 15. h4 f5
16. Nh3 $1 {Black has got an unpleasant position after opening.} f4 {Wesley
tries to solve his problems by dint of tactics.} (16... gxh4 17. Nf4 Rh6 18.
Bf2 {Sooner or later White takes on h4 with a better position. According to
Vladimir Kramnik Black's position is defendable. For example} Nd7 19. Nce2 Nf8
20. Nxe6 Kxe6 21. Nf4+ Kf6 22. Ke2 Ng6 23. Nxg6 Kxg6 24. Rag1+ Kf6 25. Rxh4 $14
) 17. exf4 $1 Bxh3 (17... gxh4 18. Ng5+ Rxg5 (18... Bxg5 19. fxg5 Ne7 20. Rxh4
Rxg5 21. Rh7+ Rg7 22. Rxg7+ Kxg7 23. Kd2 $16 {White can play Na4, Nc5 or b4,
b5.}) 19. fxg5 hxg3 20. f4 $16 {(Vladimir Kramnik)} Nd7 21. Rh7+ Kf8 22. Kf1
Bb4 23. f5 Bf7 24. Kg2 {White should win the game.}) 18. fxg5 $1 $16 {White
has only 2 pawns for the sacrificed knight but White's pawns seem to be
unstoppable.} (18. hxg5 $2 {doesn't work due to} Bf5 $1 19. Rxh5 Bxd3 $15)
18... Bd7 19. Kf2 Na6 $5 ({Wesley could have tried} 19... Bf8 {with the idea ..
.Ne7, ...Bf5.} 20. Ne2 Ne7 21. Nf4 Rh8 22. h5 Bf5 23. Rae1 Bxd3 24. Nxd3 Nd7
25. Ne5+ Nxe5 26. Bxe5 Rg8 27. h6 (27. f4 $5 Nf5 28. g6+ Ke6 29. g7 Bd6 30. h6
Bxe5 31. Rxe5+ Kf6 32. h7 Rxg7 33. h8=Q Rxh8 34. Rxh8 Nxd4 $16) 27... Rxg5 28.
h7 Ng6 29. h8=Q Nxh8 30. Rxh8 $16) 20. Bxa6 $6 {Not the strongest move. Now
Black can try to blockade White's pawns.} (20. Ne2 $6 Nb4 21. Bg6+ Kxg6 22.
Nf4+ Kf7 23. Nxh5 {(Vladimir Kramnik)} c5 $1 24. dxc5 Bxc5+ 25. Kg2 d4 $13) ({
Vladimir also mentioned} 20. Rae1 $1 Nb4 21. Bb1 {intending Ne2, Nf4.
According to Wesley So Black's position would be very difficult and the
computer confirms his evaluation. Actually Black doesn't have any reasonable
moves. For example} Rf8 (21... Bf8 22. Ne2 Ne7 23. Nf4 Rh8 24. h5 Bf5 25. Rxe7+
Bxe7 26. Bxf5 Bxg5 27. Bg6+ Kg8 28. Ne6 Bf6 29. Bd6 Na6 30. f4 $18) 22. Ne2 Kg7
23. Be5+ $18) 20... bxa6 21. Ne2 Bd8 $1 22. Be5 ({Vladimir could have tried} 
22. Nf4 $5 Rh8 23. Nd3 Rh7 $1 {the strongest continuation} (23... Bf5 24. Ne5+
Kf8 25. Nxc6 $16 {White should win the game}) 24. Rae1) 22... Ne7 23. Nf4 $1 (
23. Ng3 Kg6 $1 24. Nxh5 Kxh5 25. Rxa6 Bb6 26. Rha1 Re8 27. Rxa7 {White can get
a worse position if he doesn't sacrifice an exchange.} (27. b4 Nf5 28. f4 Bxd4+
29. Bxd4 Nxd4 30. Re1 Rb8 31. Rxa7 Bf5 $15) 27... Bxa7 28. Rxa7 Bf5 29. Bf6 Ng8
30. Kg3 Nxf6 31. gxf6 Rf8 32. f7 $11) 23... Rh7 24. h5 Kg8 25. Rag1 (25. g6 $6
{doesn't work due to 26...Bc8:} Rh6 26. Rxa6 Bc8 $1 {For example} (26... Bb6
27. Rha1 Rf8 28. Rxa7 Bxa7 29. Rxa7 Rxf4 30. Rxd7 $18 {(Vladimir Kramnik)}) 27.
Raa1 Nf5 28. b4 Bb6 29. Ne2 Bd7 $11) 25... Nf5 26. h6 Be8 $6 ({I believe that
Wesley should've played} 26... Be7 $1 27. g6 (27. Rh5 Re8 $1 28. Rgh1 Bf8 29.
b4 Bc8 {I can't see how White can improve his position.}) 27... Rxh6 28. Rxh6
Nxh6 29. Rh1 Bf8 30. Nh5 Be7 $1 {It seems to me that Black should make a draw.
For example} (30... Bf5 $2 31. g7 Be7 32. Ng3 $18 {(Kramnik)}) 31. Nf6+ Bxf6
32. Bxf6 Rf8 $8 33. Be7 Re8 34. Bg5 Nf5 35. Bf6 Re2+ 36. Kxe2 Ng3+ 37. Kf2
Nxh1+ 38. Kg2 Be8 $11) 27. g6 $1 (27. b4 $5 {(Kramnik)} Be7 28. g6 Rxh6 29.
Rxh6 Nxh6 30. Rh1 Bf8 31. g7 (31. Ne6 $5 Bxg6 32. Nxf8 Ng4+ 33. fxg4 Rxf8+ 34.
Ke2 $16) 31... Bxg7 32. Rg1 Nf5 33. Ne6 $16) 27... Rxh6 $8 28. Rxh6 Nxh6 29.
Rh1 Bg5 30. Ne6 Bxg6 31. Nxg5 Nf7 32. Ne6 $6 (32. f4 $1 Nxe5 33. dxe5 Rb8 34.
Rc1 Rxb3 35. Rxc6 Rxb2+ 36. Kf3 {White has good chances to win the game.}) ({
I see value in} 32. Nxf7 {(Yermolinsky,A)} Kxf7 33. Ke3 Bf5 34. Ra1 {and White
can play this forever.}) 32... Nxe5 33. dxe5 Re8 34. Nf4 Bc2 $1 {Kramnik said
that he had overlooked it. During the press conference, both grandmasters were
concerned that White still has chances to win the endgame. However the
computer doesn't see any problems for Black.} 35. Rg1+ {Other moves also lead
to a draw.} (35. Rh6 Rxe5 36. Rxc6 Bxb3 37. Rxa6 Re7 $11) (35. Rc1 Bxb3 36.
Rxc6 Rxe5 37. Rxa6 Re7 $11) (35. Rh5 Bxb3 36. Nd3 {(Vladimir Kramnik)} d4 37.
Nc5 Bd5 38. Ke2 Rf8 39. Rg5+ Kh7 40. e6 Rxf3 41. Re5 Rf8 $8 42. e7 Bc4+ 43. Kd2
Rf2+ 44. Kd1 Rf1+ 45. Kd2 Rf2+ $11) 35... Kf7 36. e6+ Kf6 {Sooner or later
Black will take on e6 with a draw.} 37. Nh5+ ({White could have tried} 37. Rc1
Bf5 (37... Bxb3 38. Rxc6 Bc4 39. Ke3 Rb8 40. Rc7 Ke5 41. e7 Rb3+ 42. Kf2 Rxb2+
43. Kg3 Rb8 44. Rd7 Rg8+ 45. Kf2 Re8 $11) 38. Rxc6 Ke5 39. Ne2 Bd3 40. b4 Bxe2
41. Kxe2 Rxe6 42. Rxe6+ Kxe6 43. Ke3 Ke5 44. f4+ Kf5 45. Kd4 Kxf4 46. Kxd5 Ke3
47. Kc6 Kd4 48. Kb7 Kc4 $11) 37... Ke5 38. f4+ Kd6 39. Ng7 Rf8 40. Ke3 d4+ 41.
Kf3 (41. Kxd4 Rxf4+ 42. Kc3 Be4 43. Re1 (43. Rd1+ Bd5) 43... Ke7 $11) (41. Kd2
Bxb3 42. f5 Rh8 (42... c5) 43. Re1 (43. Kd3 c5 44. Ke4 Bd5+ 45. Kf4 d3 $11)
43... Rh2+ 44. Kd3 $4 Kd5 $19 {(Kramnik)}) 41... Ke7 42. b4 Kf6 1/2-1/2